| 000 | 01979nam a2200277 a 4500 | ||
|---|---|---|---|
| 005 | 20250329165438.0 | ||
| 008 | 161103s2024 000 0 eng d | ||
| 040 |
_aCO-CtgCURN _bspa _ccoctgcurn |
||
| 082 | 0 |
_aEST 2024 _bA189 |
|
| 100 | 1 | _aAcuña Avila, Steisy Yoleth. | |
| 245 | 1 | 0 |
_aFactores de riesgo de los cuidadores de adultos mayores en condición de discapacidad en el barrio ferrocarril del municipio de soledad en el periodo 2019-2023. / _cSteisy Yoleth Acuña Avila; Elvira Leticia Rodríguez Sandoval; Director: Rosario Joaquín Reales Vega. |
| 260 |
_aCartagena de Indias, D.T. : _bCorporación Universitaria "Rafael Nuñez", _c2024. |
||
| 300 | _a14 hojas. | ||
| 336 | _2rdacontent | ||
| 337 |
_2rdamedia _asin mediacion _bn |
||
| 338 |
_2rdacarrier _avolumen _bnc |
||
| 502 | _aTrabajo de grado (Tecnologa en Estética y cosmetología). Corporación Universitaria "Rafael Nuñez" Facultad de Ciencias de la Salud. Programa de Tecnologia en Estética y cosmetología, 2024. | ||
| 520 | _a"Este proyecto de investigación se enfoca en analizar la calidad de vida de los cuidadores de adultos mayores con discapacidad múltiple en el Barrio Ferrocarril del municipio de Soledad. Además, se busca identificar las acciones que los gobiernos nacional, departamental y municipal están implementando para apoyar a los cuidadores, los beneficios ofrecidos y si realmente se están aplicando en zonas con alta concentración de adultos mayores" | ||
| 650 | 0 |
_aEstética y cosmetología _xTesis y Disertaciones academicas. |
|
| 700 | 1 | _aRodríguez Sandoval, Elvira Leticia. | |
| 700 | 1 |
_aReales Vega, Rosario Joaquín, _edirectora. |
|
| 700 | 1 | _aPeña Pitre, Jhoana Vanessa. | |
| 856 |
_uhttps://unicurn.sharepoint.com/:b:/s/biblioteca/EUXDo6pxXUFOtLvMDXLXJVkBjFqaOiCNLZe9kqXnSL8UMw?e=rV9KGM _zDe click aqui para ver el recurso en texto completo |
||
| 942 |
_hEST 2024 _iA189 _2ddc _cTG |
||
| 999 |
_c4256 _d4256 |
||